<?xml version="1.0" encoding="UTF-8"?>
<record
    xmlns:xsi="http://www.w3.org/2001/XMLSchema-instance"
    xsi:schemaLocation="http://www.loc.gov/MARC21/slim http://www.loc.gov/standards/marcxml/schema/MARC21slim.xsd"
    xmlns="http://www.loc.gov/MARC21/slim">

  <leader>01224nam0a22003131  4500</leader>
  <controlfield tag="001">2571220</controlfield>
  <controlfield tag="005">20260407041939.0</controlfield>
  <datafield tag="021" ind1=" " ind2=" ">
    <subfield code="a">RU</subfield>
    <subfield code="b">87-41341</subfield>
  </datafield>
  <datafield tag="035" ind1=" " ind2=" ">
    <subfield code="a">(NLR Aleph) 006455110</subfield>
  </datafield>
  <datafield tag="090" ind1=" " ind2=" ">
    <subfield code="a">5778499</subfield>
    <subfield code="c">5778499</subfield>
  </datafield>
  <datafield tag="100" ind1=" " ind2=" ">
    <subfield code="a">20110316d1986    |||y0rusy50      ca</subfield>
  </datafield>
  <datafield tag="101" ind1="0" ind2=" ">
    <subfield code="a">rus</subfield>
  </datafield>
  <datafield tag="102" ind1=" " ind2=" ">
    <subfield code="a">RU</subfield>
  </datafield>
  <datafield tag="105" ind1=" " ind2=" ">
    <subfield code="a">y   z   |||||</subfield>
  </datafield>
  <datafield tag="200" ind1="1" ind2=" ">
    <subfield code="a">&#x413;&#x43E;&#x440;&#x43D;&#x43E;-&#x440;&#x443;&#x434;&#x43D;&#x430;&#x44F; &#x43F;&#x440;&#x43E;&#x43C;&#x44B;&#x448;&#x43B;&#x435;&#x43D;&#x43D;&#x43E;&#x441;&#x442;&#x44C; &#x421;&#x421;&#x421;&#x420; &#x432; XI &#x43F;&#x44F;&#x442;&#x438;&#x43B;&#x435;&#x442;&#x43A;&#x435;</subfield>
    <subfield code="e">(&#x410;&#x43D;&#x430;&#x43B;&#x438;&#x437; &#x442;&#x435;&#x445;&#x43D;.-&#x44D;&#x43A;&#x43E;&#x43D;. &#x43F;&#x43E;&#x43A;&#x430;&#x437;&#x430;&#x442;&#x435;&#x43B;&#x435;&#x439; &#x434;&#x43E;&#x431;&#x44B;&#x447;&#x438; &#x436;&#x435;&#x43B;&#x435;&#x437;&#x43D;. &#x440;&#x443;&#x434;. &#x43F;&#x43E;&#x434;&#x437;&#x435;&#x43C;. &#x441;&#x43F;&#x43E;&#x441;&#x43E;&#x431;&#x43E;&#x43C;)</subfield>
    <subfield code="f">&#x41D;.-&#x438;. &#x433;&#x43E;&#x440;&#x43D;.-&#x440;&#x443;&#x434;. &#x438;&#x43D;-&#x442;</subfield>
    <subfield code="g">&#x412;&#x44B;&#x43F;&#x43E;&#x43B;&#x43D;.: &#x418;.&#x422;. &#x411;&#x430;&#x431;&#x438;&#x447; &#x438; &#x434;&#x440;.</subfield>
  </datafield>
  <datafield tag="210" ind1=" " ind2=" ">
    <subfield code="a">&#x41A;&#x440;&#x438;&#x432;&#x43E;&#x439; &#x420;&#x43E;&#x433;</subfield>
    <subfield code="c">&#x41D;&#x418;&#x413;&#x420;&#x418;</subfield>
    <subfield code="d">1986</subfield>
  </datafield>
  <datafield tag="215" ind1=" " ind2=" ">
    <subfield code="a">225 &#x441;.</subfield>
    <subfield code="d">20</subfield>
  </datafield>
  <datafield tag="320" ind1=" " ind2=" ">
    <subfield code="a">&#x411;&#x438;&#x431;&#x43B;&#x438;&#x43E;&#x433;&#x440;.: &#x441;. 225</subfield>
  </datafield>
  <datafield tag="333" ind1=" " ind2=" ">
    <subfield code="a">&#x414;&#x43B;&#x44F; &#x441;&#x43B;&#x443;&#x436;&#x435;&#x431;. &#x43F;&#x43E;&#x43B;&#x44C;&#x437;&#x43E;&#x432;&#x430;&#x43D;&#x438;&#x44F;</subfield>
  </datafield>
  <datafield tag="686" ind1=" " ind2=" ">
    <subfield code="a">&#x423;9(2)305.451.0-24,0</subfield>
    <subfield code="2">rubbk</subfield>
  </datafield>
  <datafield tag="702" ind1=" " ind2="1">
    <subfield code="a">&#x411;&#x430;&#x431;&#x438;&#x447;</subfield>
    <subfield code="b">&#x418;.&#x422;.</subfield>
    <subfield code="g">&#x418;&#x432;&#x430;&#x43D; &#x422;&#x440;&#x43E;&#x444;&#x438;&#x43C;&#x43E;&#x432;&#x438;&#x447;</subfield>
    <subfield code="4">570</subfield>
  </datafield>
  <datafield tag="712" ind1="0" ind2="2">
    <subfield code="a">&#x41A;&#x440;&#x438;&#x432;&#x43E;&#x440;&#x43E;&#x436;&#x441;&#x43A;&#x438;&#x439; &#x433;&#x43E;&#x440;&#x43D;&#x43E;&#x440;&#x443;&#x434;&#x43D;&#x44B;&#x439; &#x438;&#x43D;&#x441;&#x442;&#x438;&#x442;&#x443;&#x442;</subfield>
    <subfield code="3">RU\NLR\AUTH\8810014105</subfield>
    <subfield code="9">526111</subfield>
  </datafield>
  <datafield tag="801" ind1=" " ind2="0">
    <subfield code="a">RU</subfield>
    <subfield code="b">NLR</subfield>
    <subfield code="g">psbo</subfield>
  </datafield>
  <datafield tag="801" ind1=" " ind2="1">
    <subfield code="a">RU</subfield>
    <subfield code="b">ELAR</subfield>
    <subfield code="2">rusmarc</subfield>
  </datafield>
  <datafield tag="852" ind1=" " ind2=" ">
    <subfield code="a">NLR</subfield>
    <subfield code="j">Desideratum</subfield>
  </datafield>
  <datafield tag="899" ind1=" " ind2=" ">
    <subfield code="a">RuMoRGB</subfield>
    <subfield code="j">&#x414;&#x421;&#x41F;/</subfield>
  </datafield>
  <datafield tag="899" ind1=" " ind2=" ">
    <subfield code="a">RuMoRGB</subfield>
    <subfield code="j">22 87/445</subfield>
  </datafield>
  <datafield tag="942" ind1=" " ind2=" ">
    <subfield code="c">BOOK</subfield>
  </datafield>
  <datafield tag="980" ind1=" " ind2=" ">
    <subfield code="a">NB</subfield>
  </datafield>
  <datafield tag="995" ind1=" " ind2=" ">
    <subfield code="5">2013-10-26</subfield>
    <subfield code="b">NLR01</subfield>
    <subfield code="c">NLR01</subfield>
    <subfield code="e">RF02</subfield>
    <subfield code="f">6455110-20</subfield>
    <subfield code="k">Desideratum</subfield>
    <subfield code="o">0</subfield>
    <subfield code="r">BOOK</subfield>
    <subfield code="s">DESIDERATUM_</subfield>
  </datafield>
</record>
